Statistics for august lyrics

Click here to take the quiz!

General Stats

  • This quiz has been taken 136 times
  • The average score is 283 of 293

Answer Stats

Lyrics% Correct
a
100%
all
100%
And
100%
and
100%
August
100%
I
100%
in
100%
it
100%
me
100%
me,
100%
mine,
100%
mine
100%
"Never
100%
never
100%
of
100%
time
100%
we
100%
were
100%
when
100%
You
100%
you
100%
away
99%
can
99%
'Cause
99%
moment
99%
on
99%
slipped
99%
the
99%
was
99%
Back
97%
back
97%
hope
97%
just
97%
memory
97%
my
97%
Remember
97%
remember
97%
remember?
97%
to
97%
"us"
97%
us
97%
air,
96%
bedsheets
96%
enough
96%
For
96%
for
96%
like
96%
see
96%
Your
96%
your
96%
behind
95%
bottle
95%
call?
95%
call
95%
case
95%
lose,
95%
lose
95%
lost
95%
mall"
95%
plans
95%
wine
95%
you'd
95%
anything
93%
before"
93%
But
93%
Cancel
93%
car"
93%
do
93%
"Get
93%
more
93%
Salt
93%
say,
93%
Wishin'
93%
beneath
92%
door
92%
ever
92%
had
92%
have
92%
into
92%
live
92%
livin'
92%
"Meet
92%
sun
92%
up
92%
Whispers
92%
could
91%
love
91%
pulled
91%
rust
91%
said,
91%
summer
91%
twisted
91%
you're
91%
"Are
89%
name
89%
needed
89%
school?
89%
sure?"
89%
then
89%
weren't
89%
better
88%
canceled
88%
changin'
88%
So
88%
Wanting
88%
write
88%
much
86%
thinkin'
86%
at
85%
still
84%
saying
82%
sipped
82%
Will
77%
no
70%

Score Distribution

Percentile by Number Answered

Percent of People with Each Score

Your Score History

You have not taken this quiz